Statistiques concernant Culture Générale - Série 349

Cliquez ici pour prendre le quiz!

Statistiques générales

  • Ce quiz a été pris 183 fois
  • Le résultat moyen est 7 sur 10

Statistiques - réponses

QuestionRéponse% Correct
Sur combien de chevaux parie-t-on pour gagner un Quinté ?5
99%
En Italie, que consommez-vous si on vous sert du chianti ?Du vin
88%
Dans quel art l'Autrichien Gustav Mahler s'est-il illustré ?La musique
86%
De quel roi de France Colbert fut-il le contrôleur des Finances ?Louis XIV
86%
Comment appelle-t-on un artiste de music-hall capable de parler sans bouger les lèvres ?Un Ventriloque
86%
Qui fut empereur d'Occident de 800 à 814 ?Charlemagne
75%
Quelle île danoise fait plus de 2 millions de kilomètres carrés ?Le Groenland
68%
Quel est le prénom du pilote de Formule 1 Räikkönen ?Kimi
43%
A quel instrument de mesure le nom de Roberval est-il associé ?Une balance
40%
En 1969, quel prénom féminin donne son titre à cette chanson de René Joly ?Chimène
6%

Distribution des résultats

Percentile par nombre de réponses

% des personnes avec chaque résultat

Votre développement - résultats

Vous n’avez pas pris ce quiz